MLB Top 100 All-Time: Career Salaries - Statistics

General Stats
  • This quiz has been taken 1,032 times
    974 since last reset
  • The average score is 56 of 100
Answer Stats
# Player Salary % Correct
1 Alex Rodriguez $399,285,104
96%
12 Mike Trout $227,067,832
94%
8 Derek Jeter $265,159,364
88%
5 Justin Verlander $317,515,000
88%
3 Albert Pujols $346,540,436
84%
9 Max Scherzer $264,383,991
84%
24 Barry Bonds $188,245,322
83%
70 Bryce Harper $142,053,846
83%
6 Clayton Kershaw $274,701,142
82%
2 Miguel Cabrera $368,410,623
82%
46 David Ortiz $159,512,500
79%
21 Manny Ramírez $206,827,769
79%
57 Aramis Ramírez $147,885,000
78%
32 Giancarlo Stanton $172,933,000
78%
47 Hanley Ramírez $159,268,000
78%
30 Randy Johnson $175,550,019
75%
53 Ken Griffey Jr. $151,703,682
74%
61 Pedro Martínez $146,259,585
74%
92 J.D. Martinez $131,933,000
73%
71 Victor Martínez $140,926,600
73%
36 Chipper Jones $168,552,113
71%
35 Mariano Rivera $169,441,825
71%
45 Freddie Freeman $160,634,000
69%
54 Roger Clemens $150,601,000
68%
38 Adrián González $168,291,500
66%
52 Greg Maddux $153,845,000
65%
14 Adrián Beltré $219,140,000
64%
88 Gerrit Cole $133,584,500
64%
40 Ichiro Suzuki $167,181,483
64%
69 Manny Machado $142,062,000
64%
37 Buster Posey $168,301,112
63%
42 Nolan Arenado $166,512,500
63%
11 Joey Votto $228,263,155
62%
27 Ryan Howard $180,255,000
62%
25 Chris Davis $187,958,740
61%
4 Zack Greinke $330,003,000
61%
10 CC Sabathia $260,357,142
60%
56 Roy Halladay $148,991,666
60%
16 Félix Hernández $217,700,000
59%
66 Jim Thome $142,711,667
59%
73 Ryan Braun $140,562,500
59%
15 Joe Mauer $218,025,000
58%
85 John Smoltz $135,657,946
58%
89 Jason Giambi $133,558,996
57%
83 Nelson Cruz $136,380,070
57%
44 Todd Helton $161,490,000
57%
99 Tom Glavine $129,639,293
57%
72 Josh Hamilton $140,610,579
56%
13 Carlos Beltrán $221,952,782
55%
97 Carlos Lee $130,275,000
55%
95 Cliff Lee $130,855,300
55%
18 Robinson Canó $214,691,403
55%
31 Yadier Molina $173,998,500
55%
19 Mark Teixeira $213,025,000
54%
29 Prince Fielder $176,914,500
54%
17 Stephen Strasburg $215,450,000
54%
78 Dustin Pedroia $139,087,000
53%
7 David Price $271,031,842
52%
41 Adam Wainwright $166,737,000
51%
75 Anthony Rendon $140,114,286
51%
76 Andy Pettitte $139,832,416
50%
55 Chris Sale $149,625,000
50%
26 David Wright $180,446,500
50%
77 Evan Longoria $139,133,332
49%
50 Johan Santana $155,997,269
49%
91 Aroldis Chapman $132,810,772
47%
67 Josh Donaldson $142,672,500
47%
49 Alfonso Soriano $157,960,000
46%
68 Jordan Zimmermann $142,566,000
46%
81 Ryan Zimmerman $136,492,000
46%
60 Carlos Delgado $146,299,000
45%
20 Cole Hamels $210,400,000
45%
39 Gary Sheffield $168,008,550
44%
80 Barry Zito $137,235,000
42%
62 Troy Tulowitzki $145,381,000
42%
23 Jon Lester $188,555,500
41%
22 Justin Upton $201,471,666
41%
94 Kevin Brown $130,890,502
41%
33 Matt Kemp $171,706,000
41%
63 Mike Mussina $144,533,619
41%
34 Torii Hunter $171,055,000
41%
58 Jacoby Ellsbury $147,659,142
40%
48 Matt Holliday $158,917,101
40%
98 Paul Konerko $129,790,000
39%
93 Vernon Wells $131,388,500
39%
86 Matt Cain $134,744,666
38%
28 Jason Heyward $179,411,500
37%
84 Eric Hosmer $135,780,750
35%
74 John Lackey $140,544,166
33%
43 Johnny Cueto $162,453,000
33%
90 Magglio Ordóñez $133,470,746
33%
51 Masahiro Tanaka $155,000,000
33%
64 A.J. Burnett $144,271,500
31%
96 Hunter Pence $130,435,000
31%
100 Rick Porcello $128,731,000
31%
79 Mark Buehrle $138,980,000
30%
65 Yoenis Céspedes $143,900,000
30%
82 Jayson Werth $136,416,428
29%
59 Shin-Soo Choo $147,521,800
26%
87 Elvis Andrus $134,170,600
21%
No matching quizzes found
Score Distribution
Percent of People with Each Score
Percentile by Number Answered
Your Score History
You have not taken this quiz since the last reset